[Event "BL 1516 Schachfr. Berlin - SG Turm Trie"]
[Site "?"]
[Date "2016.04.09"]
[Round "12.2"]
[White "Mista, Aleksander"]
[Black "Graf, Felix"]
[Result "1-0"]
[WhiteElo "2577"]
[BlackElo "2475"]
[PlyCount "73"]
[EventDate "2016.??.??"]

1. e4 e6 2. d4 d5 3. Nd2 Nc6 4. Ngf3 Nf6 5. e5 Nd7 6. Bd3 Nb4 7. Be2 c5 8. c3
Nc6 9. O-O Be7 10. Re1 Rb8 11. dxc5 Nxc5 12. Nb3 Nxb3 13. axb3 a5 14. Ra4 O-O
15. Bd3 f5 16. exf6 Bxf6 17. Qc2 h6 18. Bf4 b5 19. Bxb8 bxa4 20. Bg3 axb3 21.
Qxb3 Rf7 22. Bb1 g5 23. h3 Bd7 24. Nh2 Bg7 25. Qd1 Qb6 26. Qd2 Ne7 27. Ng4 Nf5
28. Be5 a4 29. Bxg7 Kxg7 30. Ne5 Re7 31. Kh2 Be8 32. f4 gxf4 33. Qxf4 Qxb2 34.
Bxf5 exf5 35. Re3 Qb1 36. Rd3 Qe1 37. Rg3+ 1-0

[Event "BL 1516 Schachfr. Berlin - SG Turm Trie"]
[Site "?"]
[Date "2016.04.09"]
[Round "12.3"]
[White "Jaracz, Pawel"]
[Black "Piorun, Kacper"]
[Result "0-1"]
[WhiteElo "2485"]
[BlackElo "2657"]
[PlyCount "66"]
[EventDate "2016.??.??"]

1. e4 e5 2. Nf3 Nc6 3. Bb5 a6 4. Ba4 Nf6 5. d3 d6 6. c3 g6 7. O-O Bg7 8. Re1
O-O 9. h3 Bd7 10. d4 Nh5 11. Be3 h6 12. Bc2 Qe8 13. dxe5 Nxe5 14. Nbd2 Qe7 15.
Nxe5 dxe5 16. b4 Rfd8 17. Qf3 a5 18. a3 b6 19. Nb3 axb4 20. axb4 Rxa1 21. Rxa1
Be6 22. Rd1 Nf6 23. Nc1 Ra8 24. Nd3 Ne8 25. Qg3 Ra2 26. Bb1 Ra1 27. Bc2 Rxd1+
28. Bxd1 Qd8 29. Nb2 Nd6 30. Bc2 Qa8 31. f3 Qa2 32. Bc1 Nc4 33. Bd3 Nxb2 0-1

[Event "BL 1516 Schachfr. Berlin - SG Turm Trie"]
[Site "?"]
[Date "2016.04.09"]
[Round "12.4"]
[White "Dvirnyy, Daniyyl"]
[Black "Cyborowski, Lukasz"]
[Result "0-1"]
[WhiteElo "2555"]
[BlackElo "2512"]
[PlyCount "66"]
[EventDate "2016.??.??"]

1. d4 d5 2. c4 e6 3. Nc3 Nf6 4. cxd5 exd5 5. Bg5 c6 6. Qc2 Be7 7. e3 Nbd7 8. h3
O-O 9. Bd3 Re8 10. Bf4 Nf8 11. Nf3 Ng6 12. Bh2 Bd6 13. Bxd6 Qxd6 14. O-O-O Bd7
15. g4 Qe7 16. Rdg1 Rac8 17. g5 Ne4 18. Bxe4 dxe4 19. Nd2 c5 20. d5 Bf5 21. h4
Qd7 22. h5 Ne5 23. Ndxe4 c4 24. Kb1 Nf3 25. Rg3 Rxe4 26. Rxf3 Rf4 27. Rxf4
Bxc2+ 28. Kxc2 b5 29. h6 b4 30. Ne4 Qxd5 31. hxg7 Qd3+ 32. Kc1 b3 33. Nf6+ Kxg7
0-1

[Event "BL 1516 Schachfr. Berlin - SG Turm Trie"]
[Site "?"]
[Date "2016.04.09"]
[Round "12.5"]
[White "Bobras, Piotr"]
[Black "Lauber, Arnd"]
[Result "0-1"]
[WhiteElo "2525"]
[BlackElo "2436"]
[PlyCount "90"]
[EventDate "2016.??.??"]

1. e4 e6 2. d4 d5 3. Nc3 Nf6 4. e5 Nfd7 5. f4 c5 6. Nf3 Nc6 7. Be3 Qb6 8. Na4
Qa5+ 9. c3 b6 10. Bd2 c4 11. b4 Nxb4 12. cxb4 Bxb4 13. Qc2 Bxd2+ 14. Nxd2 b5
15. Nc3 O-O 16. Nf3 b4 17. Qa4 Qb6 18. Nb5 Nb8 19. Nd6 Bd7 20. Qd1 Nc6 21. Be2
f6 22. Qd2 fxe5 23. fxe5 Be8 24. Nxe8 Raxe8 25. O-O Rf5 26. Bd1 Ref8 27. Bc2
R5f7 28. Rad1 g6 29. h3 b3 30. Bb1 Rf4 31. Qe3 a5 32. g3 R4f7 33. Kg2 a4 34. a3
Qd8 35. h4 Qe7 36. Qc1 Na7 37. Rf2 Nb5 38. h5 gxh5 39. Qh6 Nxa3 40. Bxh7+ Rxh7
41. Qg6+ Rg7 42. Qxh5 Qf7 43. Qh4 Qf4 44. Qh2 Nc2 45. Rh1 Ne3+ 0-1

[Event "BL 1516 Schachfr. Berlin - SG Turm Trie"]
[Site "?"]
[Date "2016.04.09"]
[Round "12.6"]
[White "Agopov, Mikael"]
[Black "Gonda, Laszlo"]
[Result "1/2-1/2"]
[WhiteElo "2444"]
[BlackElo "2521"]
[PlyCount "88"]
[EventDate "2016.??.??"]

1. e4 e5 2. Nf3 Nc6 3. Bb5 a6 4. Ba4 Nge7 5. c3 g6 6. d4 exd4 7. cxd4 b5 8. Bb3
Bg7 9. d5 Na5 10. Bd2 Nxb3 11. axb3 O-O 12. Bc3 c5 13. b4 Qb6 14. bxc5 Qxc5 15.
O-O d6 16. b4 Qb6 17. Qd2 Bd7 18. Bxg7 Kxg7 19. Qb2+ f6 20. Nbd2 Rfc8 21. Ra5
Qc7 22. Rfa1 Qc3 23. Qxc3 Rxc3 24. Rxa6 Rxa6 25. Rxa6 Rc1+ 26. Nf1 Nc8 27. N3d2
f5 28. f3 Kf6 29. Kf2 Ke5 30. Ke2 Rc3 31. h3 h5 32. Ne3 fxe4 33. fxe4 Kf4 34.
Nd1 Rg3 35. Kf2 Rd3 36. Ra2 g5 37. Rc2 g4 38. hxg4 hxg4 39. Nb2 g3+ 40. Kf1 Ra3
41. Nb1 Ra1 42. Rc1 Ra2 43. Rc2 Ra1 44. Rc1 Ra2 1/2-1/2

[Event "BL 1516 Schachfr. Berlin - SG Turm Trie"]
[Site "?"]
[Date "2016.04.09"]
[Round "12.7"]
[White "Seger, Ruediger"]
[Black "Baldauf, Marco"]
[Result "0-1"]
[WhiteElo "2364"]
[BlackElo "2413"]
[PlyCount "118"]
[EventDate "2016.??.??"]

1. e4 c5 2. c3 Nf6 3. e5 Nd5 4. d4 cxd4 5. Nf3 Nc6 6. cxd4 d6 7. Bc4 dxe5 8.
dxe5 Ndb4 9. Qxd8+ Nxd8 10. Na3 Bg4 11. Nd4 Ndc6 12. Nxc6 Nxc6 13. e6 Bxe6 14.
Bxe6 fxe6 15. Be3 Rd8 16. O-O g6 17. Nb5 a6 18. Nc3 Bg7 19. Rfd1 Bxc3 20. bxc3
Rf8 21. Rdb1 Rd7 22. g4 e5 23. Rb6 Kd8 24. Rab1 Kc8 25. Kg2 Rf6 26. c4 Rfd6 27.
Kf3 Rd3 28. Rc1 Ra3 29. Rb2 Ra4 30. Rc3 Rd1 31. a3 Rh1 32. Kg2 Ra1 33. Bc5 Re1
34. Be3 Ra1 35. Bc5 Re1 36. Be3 Rd1 37. Kf3 Rd7 38. Bc5 Nd4+ 39. Ke4 Nb5 40.
Rc1 Nd6+ 41. Bxd6 exd6 42. Rc3 d5+ 43. Kxe5 Rxc4 44. Rbb3 Kd8 45. f3 b5 46. Rd3
Rc2 47. h4 Rh2 48. Rbc3 Re2+ 49. Kd4 Re6 50. Rc5 Ke7 51. Rc8 Rf6 52. Ra8 Rc6
53. Re3+ Kd6 54. Ree8 Rc4+ 55. Kd3 Ra4 56. Rf8 Rxa3+ 57. Kd4 Ra4+ 58. Kc3 d4+
59. Kd3 Kd5 0-1

[Event "BL 1516 Schachfr. Berlin - SG Turm Trie"]
[Site "?"]
[Date "2016.04.09"]
[Round "12.8"]
[White "Thiede, Lars"]
[Black "Cioara, Andrei-Nestor"]
[Result "1/2-1/2"]
[WhiteElo "2420"]
[BlackElo "2422"]
[PlyCount "178"]
[EventDate "2016.??.??"]

1. c4 e6 2. Nf3 Nf6 3. g3 d5 4. Bg2 c5 5. O-O Nc6 6. d3 d4 7. a3 a5 8. e3 Bd6
9. exd4 cxd4 10. Nbd2 O-O 11. Ng5 Nd7 12. Nde4 Be7 13. f4 a4 14. Bd2 h6 15. Nf3
f5 16. Nf2 Nc5 17. Qc2 Bf6 18. Rae1 Bd7 19. g4 g6 20. Ne5 Nxe5 21. fxe5 Bg5 22.
gxf5 gxf5 23. Nh3 Kh7 24. Nxg5+ hxg5 25. Bb4 Rc8 26. Rf3 b6 27. Qf2 Be8 28.
Rh3+ Kg7 29. Rg3 Bg6 30. Bf1 Rh8 31. Qg2 Rh5 32. Bd2 g4 33. h3 Rxh3 34. Rxh3
gxh3 35. Qxh3 Qh8 36. Qg3 Kf7 37. Kf2 Rg8 38. Bf4 Bh5 39. Qh2 Bg4 40. Qxh8 Rxh8
41. Kg1 Bf3 42. Kf2 Bc6 43. Bg3 Kg6 44. Bf4 Rh4 45. Bg3 Rh1 46. Be2 Rh3 47. Rg1
Kf7 48. Bf1 Rh8 49. Ke1 b5 50. cxb5 Bxb5 51. Bf2 Rd8 52. Bh4 Rd5 53. Bf6 Bxd3
54. Rg7+ Kf8 55. Rc7 Bxf1 56. Be7+ Kg8 57. Bxc5 d3 58. Bb4 Bg2 59. Bc3 d2+ 60.
Bxd2 Rxe5+ 61. Kf2 Bd5 62. Bc3 Re4 63. Rg7+ Kf8 64. Ra7 Ke8 65. Bb4 Bc6 66. Bc3
Rf4+ 67. Ke3 Re4+ 68. Kf2 Bd5 69. Bb4 e5 70. Ra5 Rf4+ 71. Ke3 Re4+ 72. Kf2 Bc4
73. Bc3 Rf4+ 74. Kg3 Rg4+ 75. Kf2 e4 76. Rxf5 Kd7 77. Ke3 Bd3 78. Rf6 Bc2 79.
Rf2 Bd3 80. Rf6 Rg3+ 81. Kd4 Bc2 82. Rf2 Bb1 83. Rf1 Bd3 84. Rf6 Ke7 85. Rh6
Kf7 86. Ke5 Rf3 87. Rh4 Kg6 88. Rg4+ Kh5 89. Rxe4 Bxe4 1/2-1/2

[Event "BL 1516 SV Griesheim - Hamburger SK"]
[Site "?"]
[Date "2016.04.09"]
[Round "12.1"]
[White "Kempinski, Robert"]
[Black "Le Roux, Jean-Pierre"]
[Result "1-0"]
[WhiteElo "2623"]
[BlackElo "2557"]
[PlyCount "157"]
[EventDate "2016.??.??"]

1. d4 Nf6 2. c4 g6 3. Nf3 Bg7 4. e3 c5 5. d5 O-O 6. Nc3 d6 7. Be2 Na6 8. O-O
Nc7 9. e4 Rb8 10. Bf4 a6 11. a4 Bg4 12. a5 Nd7 13. Qc2 Re8 14. Rab1 Na8 15. Ra1
Nc7 16. Ra3 b5 17. axb6 Nxb6 18. Qd3 Nd7 19. Rb1 Rb4 20. b3 Qb8 21. h3 Bxf3 22.
Qxf3 Rb7 23. Qd3 Ne5 24. Qc2 Qd8 25. Ra4 Nd7 26. Bd2 e6 27. Bf1 h5 28. dxe6
Nxe6 29. Rxa6 Nd4 30. Qd1 Qb8 31. Ra3 Qd8 32. Be3 Ne5 33. Bxd4 cxd4 34. Nb5 Nc6
35. Ra6 Qd7 36. Bd3 Nb4 37. Rxd6 Qe7 38. c5 Rc8 39. Rb6 Rxc5 40. Rxb7 Qxb7 41.
Nd6 Qe7 42. Nc4 Rc7 43. Ra1 Ra7 44. Ra4 Bf8 45. e5 Rxa4 46. bxa4 Nxd3 47. Qxd3
Qb4 48. Qxd4 Bc5 49. Qe4 Qxa4 50. e6 Qa1+ 51. Kh2 Qf6 52. exf7+ Qxf7 53. f4 Kh7
54. Ne5 Qe6 55. Qb7+ Qe7 56. Qe4 Qe6 57. Kg3 Kg7 58. Qb7+ Qe7 59. Qd5 Bd6 60.
Kf3 Bc7 61. Qd4 Kh7 62. Nc4 Qg7 63. Qe4 Qf7 64. Ne3 Bd6 65. Nd5 Qa7 66. Nf6+
Kh6 67. Qe8 Qa3+ 68. Ke4 Kg7 69. Nd5 Qc5 70. Qa4 Kh6 71. Qd4 Qxd4+ 72. Kxd4 Kg7
73. Ke4 Kf7 74. f5 Bg3 75. Nf4 gxf5+ 76. Kxf5 h4 77. Kg5 Be1 78. Ng6 Bd2+ 79.
Kh5 1-0

[Event "BL 1516 SV Griesheim - Hamburger SK"]
[Site "?"]
[Date "2016.04.09"]
[Round "12.2"]
[White "Tazbir, Marcin"]
[Black "Svane, Rasmus"]
[Result "1/2-1/2"]
[WhiteElo "2510"]
[BlackElo "2529"]
[PlyCount "147"]
[EventDate "2016.??.??"]

1. c4 e6 2. Nc3 Nf6 3. Nf3 d5 4. d4 c6 5. e3 a6 6. a4 c5 7. Be2 Nc6 8. O-O cxd4
9. exd4 Be7 10. Ne5 dxc4 11. Nxc6 bxc6 12. Bxc4 a5 13. Qf3 Qb6 14. Rd1 O-O 15.
Ne4 Nxe4 16. Qxe4 Ba6 17. b3 Bxc4 18. bxc4 Qb3 19. Qe2 Rfd8 20. Be3 Bf6 21. Qf1
h6 22. h3 Rd7 23. Rab1 Qxa4 24. Rb6 Rad8 25. Ra1 Qc2 26. Qc1 Qf5 27. Rxc6 Bxd4
28. Bxd4 Rxd4 29. Ra6 Rd2 30. Qe1 Qf4 31. R6xa5 Qxc4 32. Ra8 Qc2 33. Rxd8+ Rxd8
34. Qe3 Qf5 35. h4 Rd3 36. Qe2 Qd5 37. Re1 Rd4 38. g3 Qf5 39. Rd1 Re4 40. Qd2
Re5 41. Re1 Rc5 42. Rc1 Rd5 43. Qe2 Rd4 44. Re1 Qd5 45. Qe3 Rc4 46. Qb3 Qc5 47.
Qb8+ Kh7 48. Qb1+ f5 49. Qb8 Re4 50. Rxe4 fxe4 51. Qe8 Qf5 52. h5 e5 53. Kg2
Qf3+ 54. Kg1 Qd1+ 55. Kh2 Qd6 56. Kg2 Qf6 57. Kg1 Qf5 58. Kg2 Qg5 59. Qf7 Qg4
60. Qe8 Qf5 61. Kg1 Qg5 62. Kg2 Qf5 63. Kg1 Qf6 64. Kg2 Qg5 65. Kh2 e3 66. fxe3
Qf5 67. Kg2 e4 68. Kg1 Qg4 69. Kg2 Qf3+ 70. Kh2 Qf2+ 71. Kh3 Qf1+ 72. Kh2 Qf2+
73. Kh3 Qf1+ 74. Kh2 1/2-1/2

[Event "BL 1516 SV Griesheim - Hamburger SK"]
[Site "?"]
[Date "2016.04.09"]
[Round "12.3"]
[White "Ernst, Sipke"]
[Black "Krassowizkij, Jaroslaw"]
[Result "1-0"]
[WhiteElo "2536"]
[BlackElo "2446"]
[PlyCount "85"]
[EventDate "2016.??.??"]

1. d4 d5 2. c4 e6 3. Nf3 Nf6 4. g3 c5 5. cxd5 exd5 6. Nc3 Nc6 7. Bg2 Be7 8. O-O
O-O 9. Bg5 c4 10. Ne5 Be6 11. b3 h6 12. Nxc6 bxc6 13. Bxf6 Bxf6 14. Na4 Be7 15.
bxc4 dxc4 16. Bxc6 Rc8 17. d5 Bh3 18. Qc2 Bf6 19. Rac1 Bxf1 20. Kxf1 c3 21.
Nxc3 Bxc3 22. Qxc3 Qb6 23. a4 Rb8 24. e4 Rfc8 25. Kg2 Qb2 26. Qxb2 Rxb2 27. Kf3
g5 28. Rc5 Rb3+ 29. Kg4 Rb4 30. Kf5 Rxa4 31. Ke5 f6+ 32. Kf5 Kg7 33. f3 Ra3 34.
Ke6 Kf8 35. d6 Ra6 36. Kd7 Rb8 37. f4 gxf4 38. gxf4 Rab6 39. e5 fxe5 40. fxe5
Re8 41. e6 Rbb8 42. e7+ Kf7 43. Rf5+ 1-0

[Event "BL 1516 SV Griesheim - Hamburger SK"]
[Site "?"]
[Date "2016.04.09"]
[Round "12.4"]
[White "Chabanon, Jean-Luc"]
[Black "Lampert, Jonas"]
[Result "1/2-1/2"]
[WhiteElo "2446"]
[BlackElo "2490"]
[PlyCount "125"]
[EventDate "2016.??.??"]

1. Nf3 d5 2. e3 Nf6 3. c4 e6 4. d4 Be7 5. b3 b6 6. Bd3 O-O 7. O-O Bb7 8. Bb2
dxc4 9. bxc4 c5 10. Nbd2 Nc6 11. Nb3 a5 12. a3 Re8 13. Rb1 a4 14. Nbd2 cxd4 15.
exd4 Nxd4 16. Bxd4 e5 17. Bxh7+ Nxh7 18. Bxb6 Qd6 19. c5 Qg6 20. Re1 Bf6 21.
Bc7 Bd5 22. Nf1 Bb3 23. Rxb3 axb3 24. Qxb3 e4 25. N3d2 Ng5 26. Qg3 Qf5 27. Bd6
Be5 28. Bxe5 Qxe5 29. Qxe5 Rxe5 30. f4 Rxc5 31. fxg5 Rxg5 32. Rxe4 Rxa3 33. Rd4
Ra2 34. h4 Rga5 35. Ne3 Re5 36. Kf2 Kh7 37. Kf3 f6 38. g4 Re7 39. Ne4 Ra3 40.
Kf4 Rb7 41. Nc5 Rb5 42. Rc4 Rb2 43. Re4 Rf2+ 44. Kg3 Re2 45. Kf3 Rh2 46. h5 f5
47. gxf5 Rh3+ 48. Kf4 Rh4+ 49. Ng4 Rxh5 50. Ne6 Ra8 51. Rb4 Kh8 52. Ng5 Rh1 53.
Nf3 Rha1 54. Kg5 R1a4 55. Rb6 R4a6 56. Re6 Rxe6 57. fxe6 Kg8 58. Nd4 Kf8 59.
Ne5 Ke7 60. Kg6 Ra6 61. Kf5 Rxe6 62. Nxe6 g6+ 63. Nxg6+ 1/2-1/2

[Event "BL 1516 SV Griesheim - Hamburger SK"]
[Site "?"]
[Date "2016.04.09"]
[Round "12.5"]
[White "Cuenca Jimenez, Jose Fernando"]
[Black "Jarmula, Lukasz Andrzej"]
[Result "0-1"]
[WhiteElo "2529"]
[BlackElo "2396"]
[PlyCount "148"]
[EventDate "2016.??.??"]

1. c4 Nf6 2. Nf3 g6 3. b4 Bg7 4. Bb2 O-O 5. g3 d6 6. Bg2 e5 7. d3 Nh5 8. Nc3 f5
9. O-O Be6 10. Nd2 Qc8 11. b5 f4 12. Nde4 h6 13. a4 Bh3 14. Nd5 Rf7 15. a5 Bxg2
16. Kxg2 Qd7 17. Qb3 c6 18. Ndc3 Qe6 19. Ba3 Bf8 20. f3 Ng7 21. g4 Qd7 22. Rab1
c5 23. Nd5 Be7 24. b6 Nc6 25. a6 bxa6 26. Qa4 Bd8 27. Bxc5 dxc5 28. Nxc5 Qe8
29. b7 Rb8 30. Nb4 Nxb4 31. Qxb4 Qc6 32. Ne4 Rfxb7 33. Qd6 Qxd6 34. Rxb7 Rxb7
35. Nxd6 Rb6 36. c5 Rc6 37. Rb1 Rxc5 38. Rb7 Rc7 39. Rb8 Ne6 40. Nc4 Rc5 41.
Ra8 a5 42. Rxa7 Bc7 43. h4 Rb5 44. h5 gxh5 45. gxh5 Rb1 46. Ra8+ Rb8 47. Ra7
Rb5 48. Ra8+ Kf7 49. Rh8 Kg7 50. Re8 Kf6 51. Rg8 Ng7 52. Rf8+ Ke7 53. Rh8 Nf5
54. Kh3 Rb1 55. Kg4 Ke6 56. Re8+ Ne7 57. Ra8 Rg1+ 58. Kh3 Rg3+ 59. Kh2 Nf5 60.
Ra6+ Kd7 61. Nd2 Nd6 62. Nb3 Rg5 63. Nc5+ Ke7 64. Ra7 Rxh5+ 65. Kg2 Rg5+ 66.
Kh2 Ne8 67. Ra6 Rg8 68. Kh3 Rg1 69. Ne4 Re1 70. Nc3 Nf6 71. Rc6 Bd6 72. Nb5 Bb4
73. Rc2 Nd5 74. Rc6 Ne3 0-1

[Event "BL 1516 SV Griesheim - Hamburger SK"]
[Site "?"]
[Date "2016.04.09"]
[Round "12.6"]
[White "Baskin, Robert"]
[Black "Kollars, Dmitrij"]
[Result "1/2-1/2"]
[WhiteElo "2340"]
[BlackElo "2465"]
[PlyCount "112"]
[EventDate "2016.??.??"]

1. e4 e5 2. Nf3 Nc6 3. Nc3 Nf6 4. d4 exd4 5. Nxd4 Bb4 6. Nxc6 bxc6 7. Bd3 d5 8.
exd5 O-O 9. O-O cxd5 10. h3 c6 11. Qf3 Bd6 12. Bf4 Rb8 13. b3 Re8 14. Rfe1 Be6
15. Ne2 c5 16. Rad1 Qc7 17. c3 a5 18. Bxd6 Qxd6 19. Nf4 Qb6 20. Nh5 Nxh5 21.
Qxh5 g6 22. Qe5 Rbd8 23. h4 Qd6 24. Bb5 Qxe5 25. Rxe5 f6 26. Rexd5 Bxd5 27.
Bxe8 Rxe8 28. Rxd5 Re1+ 29. Kh2 Re2 30. Rxc5 Rxa2 31. Kg3 Ra3 32. Rb5 a4 33.
bxa4 Rxa4 34. Rc5 Kf7 35. Rc6 h5 36. c4 Ra2 37. c5 Rc2 38. Kf3 Ke7 39. Rc8 Kd7
40. Rg8 Ke6 41. Rxg6 Rxc5 42. Rh6 Kf7 43. Rh7+ Kg6 44. Re7 Ra5 45. g3 Kf5 46.
Re3 Ra2 47. Kg2 Kg6 48. Rf3 Rb2 49. Rf4 Rc2 50. Kh3 Ra2 51. f3 f5 52. g4 fxg4+
53. fxg4 Ra3+ 54. Kg2 hxg4 55. Rxg4+ Kh5 56. Rg3 Rxg3+ 1/2-1/2

[Event "BL 1516 SV Griesheim - Hamburger SK"]
[Site "?"]
[Date "2016.04.09"]
[Round "12.7"]
[White "Carlstedt, Jonathan"]
[Black "Walter, Stefan"]
[Result "0-1"]
[WhiteElo "2459"]
[BlackElo "2400"]
[PlyCount "100"]
[EventDate "2016.??.??"]

1. d4 d5 2. c4 e6 3. Nf3 Nf6 4. g3 Be7 5. Bg2 O-O 6. O-O dxc4 7. Qc2 a6 8. Qxc4
b5 9. Qc2 Bb7 10. Bd2 Be4 11. Qc1 c6 12. a4 Nbd7 13. Nc3 Bg6 14. Nh4 Bh5 15.
axb5 axb5 16. Rxa8 Qxa8 17. e4 b4 18. Nd1 c5 19. d5 Qa6 20. Ne3 Be2 21. Re1 Ne5
22. Qa1 Qd3 23. Qc1 Rd8 24. h3 Nxe4 25. Bxe4 Qxe4 26. Rxe2 Bxh4 27. Qc2 Nf3+
28. Kf1 Nh2+ 29. Kg1 Nf3+ 30. Kf1 Qxc2 31. Nxc2 Bf6 32. Ne3 Kf8 33. d6 Rxd6 34.
Bc1 Nd4 35. Rd2 Ra6 36. Rd1 Ra1 37. Bd2 Rxd1+ 38. Nxd1 Ke7 39. Ke1 Nf3+ 40. Ke2
Nxd2 41. Kxd2 c4 42. Ne3 Bxb2 43. Nxc4 Bd4 44. Na5 Bxf2 45. Nc6+ Kd6 46. Nxb4
Bxg3 47. Ke3 f5 48. Kf3 Be5 49. Nc2 Bf6 50. Ne3 g6 0-1

[Event "BL 1516 SV Griesheim - Hamburger SK"]
[Site "?"]
[Date "2016.04.09"]
[Round "12.8"]
[White "Nothnagel, Holger"]
[Black "Heinemann, Thies"]
[Result "0-1"]
[WhiteElo "2307"]
[BlackElo "2458"]
[PlyCount "48"]
[EventDate "2016.??.??"]

1. b3 e5 2. Bb2 Nc6 3. Nf3 e4 4. Nd4 Nxd4 5. Bxd4 Nf6 6. c4 Be7 7. Nc3 O-O 8.
Qc2 Re8 9. g3 d5 10. Bxf6 Bxf6 11. cxd5 Bxc3 12. Qxc3 Qxd5 13. Bg2 Bg4 14. d3
Qh5 15. dxe4 Bxe2 16. f3 Ba6 17. O-O-O c6 18. Kb2 Rad8 19. h4 Be2 20. g4 Qb5
21. a4 Qb6 22. Rxd8 Rxd8 23. h5 Rd3 24. a5 Qb5 0-1

[Event "BL 1516 SV Hockenheim - SK Norderstedt"]
[Site "?"]
[Date "2016.04.09"]
[Round "12.1"]
[White "Olszewski, Michal"]
[Black "Wagner, Dennis"]
[Result "1-0"]
[WhiteElo "2546"]
[BlackElo "2574"]
[PlyCount "129"]
[EventDate "2016.??.??"]

1. e4 e5 2. Nf3 Nc6 3. Bb5 a6 4. Ba4 Nf6 5. Qe2 b5 6. Bb3 Be7 7. c3 d5 8. exd5
Nxd5 9. Nxe5 Nxe5 10. Qxe5 Nf6 11. d4 O-O 12. O-O Bd6 13. Qg5 Bb7 14. Be3 Qd7
15. Nd2 h6 16. Qh4 Qf5 17. f3 Rae8 18. Rfe1 Re7 19. Nf1 Rfe8 20. Rac1 Bd5 21.
Bc2 Qh5 22. Qxh5 Nxh5 23. b3 Nf4 24. Kf2 g5 25. Bxf4 Bxf4 26. Rxe7 Rxe7 27. Ra1
Bd6 28. a4 c5 29. axb5 cxd4 30. Rxa6 Bc5 31. cxd4 Bxd4+ 32. Kg3 Re2 33. Bd3
Be5+ 34. Kh3 Rf2 35. Ne3 Bxf3 36. gxf3 Rxf3+ 37. Kg2 Rxe3 38. Bc4 Kg7 39. Ra7
Kg6 40. Bxf7+ Kf5 41. Bc4 Rc3 42. b6 Rc2+ 43. Kf1 Rd2 44. b7 Rd8 45. Ra6 Bxh2
46. Rxh6 Bf4 47. Rc6 Rb8 48. Be6+ Ke4 49. Bc8 Kf3 50. Rg6 Ke3 51. Kg2 Kd3 52.
Rc6 g4 53. Rg6 g3 54. Kf3 Bc7 55. Rg4 Bd6 56. Rc4 Be5 57. Re4 g2 58. Re3+ Kd4
59. Re1 Kc3 60. Kxg2 Bd4 61. Re4 Bg7 62. b4 Bf8 63. b5 Kd3 64. Re8 Bd6 65. Rd8
1-0

[Event "BL 1516 SV Hockenheim - SK Norderstedt"]
[Site "?"]
[Date "2016.04.09"]
[Round "12.2"]
[White "Saric, Ivan"]
[Black "Trent, Lawrence"]
[Result "1-0"]
[WhiteElo "2654"]
[BlackElo "2457"]
[PlyCount "72"]
[EventDate "2016.??.??"]

1. e4 e5 2. Nf3 Nc6 3. Bb5 a6 4. Ba4 Nf6 5. O-O Bc5 6. c3 b5 7. Bb3 d6 8. d4
Bb6 9. a4 Bg4 10. h3 Bxf3 11. Qxf3 exd4 12. axb5 Ne5 13. Qd1 d3 14. bxa6 Nxe4
15. Bd5 Nxf2 16. Rxf2 c6 17. Bb3 Qh4 18. Qf1 Qg3 19. Nd2 O-O 20. Ra4 Bxf2+ 21.
Qxf2 Qxf2+ 22. Kxf2 Rfb8 23. Ra3 d5 24. Nf3 Nc4 25. Bxc4 dxc4 26. Ne5 Rb6 27.
a7 Rb7 28. Nxc6 d2 29. Bxd2 Rxb2 30. Ke2 Kf8 31. Ra4 Ke8 32. Rxc4 Kd7 33. Kd3
Ra2 34. Be3 Rxg2 35. Nb8+ Ke6 36. Na6 Kd5 1-0

[Event "BL 1516 SV Hockenheim - SK Norderstedt"]
[Site "?"]
[Date "2016.04.09"]
[Round "12.3"]
[White "Bekker-Jensen, Simon"]
[Black "Balogh, Csaba"]
[Result "1/2-1/2"]
[WhiteElo "2454"]
[BlackElo "2646"]
[PlyCount "64"]
[EventDate "2016.??.??"]

1. c4 e5 2. g3 Nc6 3. Bg2 Bc5 4. Nc3 a6 5. Nf3 d6 6. e3 Ba7 7. O-O Nge7 8. h3
O-O 9. d4 exd4 10. exd4 Bf5 11. Be3 d5 12. cxd5 Nxd5 13. Nxd5 Qxd5 14. Ne5 Be4
15. Nxc6 bxc6 16. Bxe4 Qxe4 17. Qg4 Qd5 18. Rfd1 Rfe8 19. Bh6 g6 20. Qg5 Rad8
21. Qxd5 Rxd5 22. Re1 Re6 23. Rxe6 fxe6 24. Rc1 c5 25. dxc5 Bxc5 26. Rc2 g5 27.
Kg2 Kf7 28. Re2 Kf6 29. h4 gxh4 30. gxh4 Kf5 31. Kf3 Rd3+ 32. Be3 Bxe3 1/2-1/2

[Event "BL 1516 SV Hockenheim - SK Norderstedt"]
[Site "?"]
[Date "2016.04.09"]
[Round "12.4"]
[White "Baramidze, David"]
[Black "Kopylov, Michael"]
[Result "1-0"]
[WhiteElo "2589"]
[BlackElo "2414"]
[PlyCount "59"]
[EventDate "2016.??.??"]

1. d4 Nf6 2. c4 c5 3. d5 b5 4. cxb5 a6 5. bxa6 Bxa6 6. Nc3 g6 7. Nf3 Bg7 8. e4
Bxf1 9. Kxf1 d6 10. g3 O-O 11. Kg2 Nbd7 12. a4 Qb6 13. Qe2 Qa6 14. Nb5 Nb6 15.
Bd2 Ne8 16. Bc3 Bxc3 17. bxc3 Nxa4 18. Ra2 Qc8 19. Rha1 Nb6 20. Na7 Qd7 21. Nc6
Rxa2 22. Rxa2 Nc8 23. c4 e6 24. Qb2 exd5 25. exd5 Ng7 26. Ra8 Nf5 27. Rb8 h6
28. h3 Nce7 29. Rb7 Qe8 30. Nb8 1-0

[Event "BL 1516 SV Hockenheim - SK Norderstedt"]
[Site "?"]
[Date "2016.04.09"]
[Round "12.5"]
[White "Krause, Benedict"]
[Black "Braun, Arik"]
[Result "1/2-1/2"]
[WhiteElo "2322"]
[BlackElo "2571"]
[PlyCount "138"]
[EventDate "2016.??.??"]

1. e4 c6 2. d4 d5 3. Nd2 dxe4 4. Nxe4 Bf5 5. Ng3 Bg6 6. h4 h6 7. Nf3 Nd7 8. h5
Bh7 9. Bd3 Bxd3 10. Qxd3 e6 11. Bd2 Ngf6 12. O-O-O Be7 13. Kb1 O-O 14. Ne4 Nxe4
15. Qxe4 Nf6 16. Qe2 Qd5 17. Be3 Rfd8 18. Ne5 Bd6 19. Nd3 Qb5 20. g4 Nd5 21.
Bd2 Nb4 22. Bxb4 Bxb4 23. g5 hxg5 24. h6 Bd6 25. Rdg1 g6 26. f4 g4 27. Rxg4 Qd5
28. Rhg1 Qf5 29. Rg5 Qf6 30. Ne5 Kh7 31. Qe4 Rg8 32. c3 Rad8 33. a3 Bc7 34. Ka2
Rd5 35. R1g2 Bxe5 36. fxe5 Qf1 37. R5g4 Qc4+ 38. Ka1 c5 39. Rf4 Rd7 40. Rgf2
Rf8 41. Rf6 cxd4 42. Rxg6 fxg6 43. Rxf8 Qc6 44. Qxc6 bxc6 45. cxd4 g5 46. Rf6
Rxd4 47. Rxe6 c5 48. Rc6 Rd5 49. e6 Re5 50. Ra6 Kxh6 51. e7+ Kh5 52. Rxa7 g4
53. Rc7 Kh4 54. Rxc5 Rxe7 55. Rc1 g3 56. Ka2 g2 57. a4 Kg3 58. Ka3 Kf2 59. a5
Re1 60. Rc2+ Kf1 61. Rxg2 Kxg2 62. Kb4 Kf3 63. a6 Ke4 64. Kc5 Rc1+ 65. Kb6 Rb1
66. a7 Rxb2+ 67. Kc7 Ra2 68. Kb7 Rxa7+ 69. Kxa7 Ke5 1/2-1/2

[Event "BL 1516 SV Hockenheim - SK Norderstedt"]
[Site "?"]
[Date "2016.04.09"]
[Round "12.6"]
[White "Rau, Hannes"]
[Black "Powierski, Emil"]
[Result "1-0"]
[WhiteElo "2476"]
[BlackElo "2317"]
[PlyCount "124"]
[EventDate "2016.??.??"]

1. c4 Nf6 2. Nc3 e6 3. d4 Bb4 4. e3 O-O 5. Bd3 d5 6. cxd5 exd5 7. Nge2 c5 8. a3
Bxc3+ 9. bxc3 Nc6 10. O-O Re8 11. a4 Qa5 12. Ba3 c4 13. Bc2 Bg4 14. f3 Bh5 15.
Qd2 Bg6 16. Bd1 h6 17. Nf4 Bh7 18. h4 Qc7 19. Qf2 Nd8 20. g4 Ne6 21. Nh3 g5 22.
Bc1 Kh8 23. hxg5 hxg5 24. e4 dxe4 25. Nxg5 e3 26. Bxe3 Nd5 27. Qh4 Nxg5 28.
Bxg5 Kg8 29. Ra2 Re6 30. Rh2 f6 31. Bd2 Qg7 32. f4 Bd3 33. Bf3 Rd8 34. Re1
Rxe1+ 35. Qxe1 Nc7 36. Qh4 Re8 37. Qh5 Be4 38. Bxe4 Rxe4 39. Qf5 Re7 40. Rg2
Kf7 41. g5 Qg6 42. Qxg6+ Kxg6 43. f5+ Kxf5 44. Rf2+ Kg4 45. Rf4+ Kg3 46. Rxf6
Ne8 47. Rf2 Rg7 48. Rf8 Re7 49. g6 Kg4 50. Bf4 Kh5 51. d5 Kxg6 52. d6 Nxd6 53.
Bxd6 Re1+ 54. Rf1 Re3 55. Bb4 b6 56. a5 bxa5 57. Bxa5 Re2 58. Rf4 Ra2 59. Bc7
a5 60. Rxc4 Kf6 61. Rc5 a4 62. Ra5 Ke6 1-0

[Event "BL 1516 SV Hockenheim - SK Norderstedt"]
[Site "?"]
[Date "2016.04.09"]
[Round "12.8"]
[White "De Silva, Joel Niels"]
[Black "Kues, Hendrik"]
[Result "0-1"]
[WhiteElo "2074"]
[BlackElo "2122"]
[PlyCount "112"]
[EventDate "2016.??.??"]

1. e4 c5 2. Nf3 g6 3. c3 Bg7 4. d4 cxd4 5. cxd4 d5 6. exd5 Nf6 7. Bb5+ Nbd7 8.
Nc3 O-O 9. d6 exd6 10. O-O a6 11. Ba4 b5 12. Bb3 Bb7 13. Bg5 Qb6 14. a3 b4 15.
axb4 Qxb4 16. Ra4 Qb6 17. Ra3 Rfe8 18. Be3 d5 19. Bc2 Qd6 20. Ne2 Bc6 21. Bf4
Qe7 22. Re1 Ne4 23. Re3 Qf8 24. Ng3 Nef6 25. Ne5 Bb5 26. h3 Re6 27. Bb3 Rae8
28. Qf3 Qb4 29. Qd1 Nxe5 30. dxe5 Qxf4 31. exf6 Rxe3 32. Rxe3 Rxe3 33. fxe3
Qxe3+ 34. Kh2 Bxf6 35. Qxd5 Qe7 36. Qa8+ Kg7 37. Qf3 Bxb2 38. Qg4 Be5 39. Kh1
Bxg3 40. Qxg3 Qf6 41. Qc7 Bc6 42. Kh2 g5 43. Bxf7 Qf4+ 44. Qxf4 gxf4 45. Bb3 a5
46. Kg1 a4 47. Bc2 a3 48. Bb3 Kf6 49. Kf2 Ke5 50. Ba2 Bd5 51. Bb1 a2 52. Bxa2
Bxa2 53. g3 Kf5 54. Kf3 Bd5+ 55. Kf2 h5 56. h4 f3 0-1